00727nam a2200217Ia 4500003000400000005001700004008004100021020003000062040001700092082001700109100002000126245009700146250001100243260003600254300001800290650003300308700001900341942000800360952012600368999001500494IIN20251201113454.0250924s2023 xx d 000 0 eng d cRs.1099.00a9788119666720 aIINbEnglish a610.73 bMCK1 aMcKenna , Lisa 1 aMcKenna's Drug Handbook(guide):bfor Nursing and Midwiferycby Lisa McKenna and Sanja Mirkov a9th ed bWolters KluweraNew Delhic2023 axlii, 1442 p.1 aDrug vNursing and Midwifery1 aMirkov, Sanja  cREF 00102ddc4051718PURCHaIINbIINcREFd2025-03-18g1099.00l0o610.73 MCKp2136r2025-09-24 12:29:26w2025-09-24yREF c1876d1876